000 00584nam a2200229Ia 4500
003 0100
008 130303s9999 xx 000 0 und d
020 _a0023505915
040 _cARRUPELIB
050 _aBJ1031.C48 1993
100 _aHarrison, Jonathan
245 _aChallenges to Morality
260 _aNew York
260 _bMacmillan Publishing Company
260 _C1993
300 _axiii
300 _b 297p. 25cm.
440 _aPhilosophical topics (New York)
650 _aETHICS
650 _bCatholic Church-Prayer Books and devotions-English
942 0 0 _01
999 _c18929
_d18929